Chargement en cours...

ഉപനിഷത്തുകളുടെ സന്ദേശം . Upanishathukalude sandesam.

Détails bibliographiques
Auteur principal: രംഗനാഥാനന്ദ,സ്വാമി. Ranganadanada, Swami
Format: Printed Book
Publié: Thrissur : Ramakrishna Math, 2015.
Sujets:
LEADER 00646nam a22001337a 4500
082 |a 294.59218  |b RAN/U 
100 |a  രംഗനാഥാനന്ദ,സ്വാമി. Ranganadanada, Swami 
245 |a ഉപനിഷത്തുകളുടെ സന്ദേശം . Upanishathukalude sandesam.  |c സ്വാമി രംഗനാഥാനന്ദ . Swami Ranganadanada. 
260 |a Thrissur :  |b Ramakrishna Math,  |c 2015. 
300 |a 784p. : 
650 |a Upanishad. 
942 |c BK 
999 |c 299059  |d 299059 
952 |0 0  |1 0  |4 0  |6 294_592180000000000_RAN_U  |7 0  |8 NFIC  |9 319030  |a SAN  |b SAN  |c GEN  |d 2020-09-20  |l 0  |o 294.59218 RAN/U  |p SAN16752  |r 2020-09-20  |w 2020-09-20  |y BK